| 000 | 01215nam a22003017a 4500 | ||
|---|---|---|---|
| 001 | 7849 | ||
| 003 | FISKH | ||
| 005 | 20250812092629.0 | ||
| 008 | 250812b cb ||||| |||| 00| 0 eng d | ||
| 020 | _a0439207304 | ||
| 040 |
_aDLC _cDLC _dDLC _beng |
||
| 050 | _aRT37.B72 W44 | ||
| 082 | _a610.73092 | ||
| 100 | 1 |
_aWells, Rosemary _d(1943–) |
|
| 245 | 1 | 0 |
_aMary on horseback : _bthree mountain stories / _cRosemary Wells ; Pictures by Peter McCarty. |
| 250 | _aThis edition first published in 2000 | ||
| 260 |
_aNew York : _bDial Books for Young Readers, _c1998. |
||
| 300 |
_a53 pages : _billustrations ; _c20 cm. |
||
| 505 | _aR | ||
| 520 | _aTells the stories of three families who were helped by the work of Mary Breckinridge, the first nurse to go into the Appalachian Mountains and give medical care to the isolated inhabitants. Includes an afterword with facts about Breckinridge and the Frontier Nursing Service she founded. | ||
| 521 | 8 |
_a660
_bLexile |
|
| 521 | 8 |
_aR
_bRaz-Plus |
|
| 650 | 0 |
_aNurses _zKentucky _xJuvenile literature. |
|
| 650 | 0 |
_aMedical care _zKentucky _xHistory _xJuvenile literature. |
|
| 700 | 1 |
_aMcCarty, Peter _eillustrator |
|
| 942 |
_2ddc _cBK _n0 |
||
| 999 |
_c7849 _d7849 |
||